000 00444nam a2200157Ia 4500
008 231221s9999 xx 000 0 und d
041 _aEnglish
082 _a001.6424C DEI2;
100 _aDeitel, H M. Deitel, P J. Liperi, J P etc.
245 0 _aVisual C++.net : how to program
260 _c2004
_bPearson Education (Singapore)
_aDelhi
300 _axxxvi+EULA-3
300 _c30956
650 _aVisual,C++.net,:,program
942 _cCD
999 _c202996
_d202996